Database system Concepts (Record no. 5647)
[ view plain ]
| 000 -LEADER | |
|---|---|
| fixed length control field | 00344nam a2200145Ia 4500 |
| 008 - FIXED-LENGTH DATA ELEMENTS--GENERAL INFORMATION | |
| fixed length control field | 191201s2011 xx 000 0 und d |
| 082 ## - DEWEY DECIMAL CLASSIFICATION NUMBER | |
| Classification number | 005.74 |
| Item number | SID |
| 100 ## - MAIN ENTRY--PERSONAL NAME | |
| Personal name | SILBERSCHATZ, Abraham |
| 245 #0 - TITLE STATEMENT | |
| Title | Database system Concepts |
| 250 ## - EDITION STATEMENT | |
| Edition statement | Rep |
| 260 ## - PUBLICATION, DISTRIBUTION, ETC. (IMPRINT) | |
| Place of publication, distribution, etc | Delhi |
| Name of publisher, distributor, etc | T M H |
| Date of publication, distribution, etc | 2011 |
| 300 ## - PHYSICAL DESCRIPTION | |
| Extent | 1349 |
| 650 ## - SUBJECT ADDED ENTRY--TOPICAL TERM | |
| Topical term or geographic name as entry element | B.Tech(CSE) |
| 942 ## - ADDED ENTRY ELEMENTS (KOHA) | |
| Source of classification or shelving scheme | Dewey Decimal Classification |
| Koha item type | Text Books |
| 942 ## - ADDED ENTRY ELEMENTS (KOHA) | |
| -- | 9 |
| Withdrawn status | Lost status | Source of classification or shelving scheme | Damaged status | Not for loan | Collection code | Home library | Current library | Date acquired | Source of acquisition | Cost, normal purchase price | Bill Number | Total Checkouts | Full call number | Acc. no. / Barcode | Date last seen | Date last borrowed | Bill Date | Koha item type | Public note | Checked out |
|---|---|---|---|---|---|---|---|---|---|---|---|---|---|---|---|---|---|---|---|---|
| Dewey Decimal Classification | B.Tech(CSE) | PIET C-LIBRARY | PIET C-LIBRARY | 09/05/2013 | IBH, New Delhi | 13.00 | 1021 | 5 | 005.74 SID | 21824 | 19/05/2023 | 15/05/2023 | 06/05/2013 | Text Books | ||||||
| Dewey Decimal Classification | B.Tech(CSE) | PIET C-LIBRARY | PIET C-LIBRARY | 09/05/2013 | IBH, New Delhi | 13.00 | 1021 | 1 | 005.74 SID | 21825 | 13/03/2025 | 21/01/2022 | 06/05/2013 | Text Books | . | |||||
| Dewey Decimal Classification | B.Tech(CSE) | PIET C-LIBRARY | PIET C-LIBRARY | 09/05/2013 | IBH, New Delhi | 13.00 | 1021 | 1 | 005.74 SID | 21826 | 29/08/2025 | 29/08/2025 | 06/05/2013 | Text Books | 17/03/2026 | |||||
| Dewey Decimal Classification | B.Tech(CSE) | PIET C-LIBRARY | PIET C-LIBRARY | 09/05/2013 | IBH, New Delhi | 13.00 | 1021 | 4 | 005.74 SID | 21827 | 16/03/2023 | 04/03/2023 | 06/05/2013 | Text Books | ||||||
| Dewey Decimal Classification | B.Tech(CSE) | PIET C-LIBRARY | PIET C-LIBRARY | 09/05/2013 | IBH, New Delhi | 13.00 | 1021 | 3 | 005.74 SID | 21828 | 16/02/2023 | 22/12/2021 | 06/05/2013 | Text Books |